000 00294nam a22001337a 4500
008 181009b xxu||||| |||| 00| 0 eng d
020 _a9790520222822
041 _aeng
080 _a321
100 _a19
101 _aSHP
245 _aThe Ones that are Wanted
_cKratz, C.A
942 _2udc
_cBK
999 _c49159
_d49159